000 00956nam a2200301 i 4500
001 000012799
003 DO-SdBPM
005 20250916102605.0
007 ta
008 091117s1981 dr a 000 f spa d
040 _aDO-SdBPM
_bspa
_cBPMSU
_erda
041 _aspa
082 4 _aRD863.44
_bP379b 1981
_222
100 1 _aPeix, Pedro
_d1952-2015
_eautor
_4aut.
245 1 3 _aEl brigadier :
_b(o La fábula del lobo y el sargento) /
_cPedro Peix.
264 _aSanto Domingo, República Dominicana :
_bEditora Alfa y Omega,
_c1981.
300 _a125 páginas :
_bilustraciones ;
_c21 cm.
336 _atexto
_btxt
_2rdacontent
337 _asin mediación
_bn
_2rdamedia
338 _avolumen
_bnc
_2rdacarrier
590 _aInventariado, 2025/VM
650 7 _aNovela dominicana
650 7 _aLiteratura dominicana.
650 z _aDominican fictions
650 z _aDominican literature
910 _aVMateo V. Control de calidad BPMSU
942 _2ddc
_cBK
999 _c7991
_d7991